000 00431nam a2200193Ia 4500
005 20240823053432.0
008 240823s9999||||xx |||||||||||||| ||und||
020 _a81-88148-03-2
041 _aENGLISH
082 _A658.802 P1
100 _aJurgen Wolff
245 0 _aDo Something Different
250 _a1st
260 _c2001
_bDolphin
500 _aYES
650 _aGeneral
_bGeneral
942 _cBK
999 _c224150
_d224150